Formas lógicas realidad y significado
Saved in:
| Hovedforfatter: | |
|---|---|
| Format: | Bog |
| Sprog: | spansk |
| Udgivet: |
Buenos Aires
EUDEBA
1975
|
| Udgivelse: | 2a. ed |
| Fag: | |
| Tags: |
Tilføj Tag
Ingen Tags, Vær først til at tagge denne postø!
|
MARC
| LEADER | 00000nam a2200000 a 4500 | ||
|---|---|---|---|
| 001 | UCX3617 | ||
| 003 | CL-VaPUC | ||
| 008 | 911115e19750000AG |||||||||||||||||spa|d | ||
| 082 | 0 | 4 | |a 160 |b SIM |2 21 |
| 100 | |a Simpson, Thomas Moro |e autor |9 319800 | ||
| 245 | 1 | 0 | |a Formas lógicas realidad y significado |
| 250 | |a 2a. ed | ||
| 300 | |a 237 p | ||
| 942 | |c BK | ||
| 945 | |d 19911115 00:00:00 | ||
| 260 | |a Buenos Aires |b EUDEBA |c 1975 | ||
| 650 | 0 | |a Lógica |9 256849 | |
| 583 | |a last modification |c 19911115 00:00:00 |k Rodrigo Vera | ||
| 999 | |c 224334 |d 224332 | ||
| 952 | |0 0 |1 0 |4 0 |6 160_000000000000000_SIM_1975 |7 0 |8 A |9 220896 |a BIBEDU |b BIBEDU |d 2019-11-15 |i 2896281 |o 160 SIM 1975 |p 2896281 |r 2019-11-15 |w 2019-11-15 |y BK |k FIL | ||
| 952 | |0 0 |1 0 |4 0 |6 160_000000000000000_SIM_1975 |7 0 |8 A |9 220897 |a BIBEDU |b BIBEDU |d 2019-11-15 |i 1563793 |o 160 SIM 1975 |p 1563793 |r 2019-11-15 |w 2019-11-15 |y BK |k FIL | ||